Tageme - prívesok na identifikáciu majiteľa

Enregistré dans:
Détails bibliographiques
Auteur principal: Bednár, Richard, 1985-
Format: Chapitre de livre
Langue:slovaque
Sujets:
Tags: Ajouter un tag
Pas de tags, Soyez le premier à ajouter un tag!

MARC

LEADER 00000naa$a2200000$$$4500
001 0225544
005 20240502073711.0
041 0 |a slo 
044 |a SK 
245 1 0 |a Tageme - prívesok na identifikáciu majiteľa  |c Richard Bednár 
610 2 0 |a štúdie prípadové 
610 2 0 |a start-up 
610 2 0 |a aplikácie mobilné 
610 2 0 |a identifikácia automatická 
610 2 0 |a kódy 
100 1 |a Bednár, Richard, 1985-